Whale species - Statistics

General Stats
  • This quiz has been taken 360 times
  • The average score is 16 of 30
Answer Stats
Typical weight (tonnes) Species % Correct
130 Blue
96%
4.5 Killer
94%
30 Humpback
91%
50 Sperm
88%
1.5 Beluga
75%
7 Northern bottlenose
70%
6 Southern bottlenose
70%
4 Tropical bottlenose
70%
40 Grey
69%
80 Southern right
65%
80 North Atlantic right
64%
80 North Pacific right
64%
3.5 Pygmy right
62%
80 Fin
61%
10 Antarctic minke
58%
11 Minke
58%
1.5 Narwhal
56%
3.5 Long finned pilot
48%
3 Short finned pilot
48%
60 Bowhead
46%
25 Sei
41%
2 False killer
37%
1-12 (21 types) Beaked
27%
30 Bryde's
22%
0.4 Pygmy sperm
21%
0.25 Dwarf sperm
18%
? Omura's
16%
0.225 Melon-headed
13%
0.35 Pygmy killer
10%
? Eden's
8%
No matching quizzes found
Score Distribution
Percent of People with Each Score
Percentile by Number Answered
Your Score History
You have not taken this quiz